=LDR 00000nam 2200000 4500 =001 INLIS000000000033763 =005 20130612135711 =008 ***********************************ind** =035 ##$$a0010-061300000033763 =041 ##$$a ind =082 ##$$a 610.734 =090 ##$$a 610.734, Mub i =100 ##$$a MUBARAK, Wahid Iqbal =245 ##$$a Ilmu Keperawatan : Konsep dan Aplikasi / Wahid Iqbal Mubarak, Nurul Chayatin, Bambang Edi Santoso ; editor, Rida Angraini =260 ##$$a 2009 $b Jakarta =300 ##$$a ... Jil., 958 hlm, 26 cm =650 ##$$a Keperawatan - Komonikasi =700 ##$$a Chayatin, Nurul =850 ##$$a NBPNMAT =990 ##$$a 21196507/BPAP-NTB/2014 =990 ##$$a 21196508/BPAP-NTB/2014 =990 ##$$a 21196511/BPAP-NTB/2014